| 000 | 01207nam a2200289 4500 | ||
|---|---|---|---|
| 001 | 111174 | ||
| 003 | ES-MaACL | ||
| 005 | 20230906185245.0 | ||
| 007 | t| | ||
| 008 | 061121s1963 sp r ||||1| spa d | ||
| 080 | _a623.1(466.2 S.S.)"15/16" | ||
| 080 | _a946.62 S.S."1813" | ||
| 100 | 1 |
_aOlavide, Juan. _986675 |
|
| 245 | 1 | 0 |
_aSan Sebastián _b: historia de sus fortificaciones : siglos XVI y XVII. El sitio de 1813 / _cpor Olavide, Albarellos, Vigón ; notas ampliatorias del coronel Mexía Carrillo. |
| 260 |
_aZarauz : _bAyuntamiento de San Sebastián, _c1963. |
||
| 300 |
_a360 p., 9 lám. ; _c26 cm. |
||
| 490 | 1 |
_aEdiciones del Excmo. Ayuntamiento de la ciudad de San Sebastián ; _vColección A |
|
| 650 | 4 |
_aFortificaciones- _zSan Sebastián. _9143183 |
|
| 651 | 4 |
_aSan Sebastián- _xHistoria- _y1813 (Sitio) _9153433 |
|
| 700 | 1 |
_aAlbarellos, Braulio. _919237 |
|
| 700 | 1 |
_aVigón y Suerodíaz, Juan. _9114667 |
|
| 700 | 0 |
_aMexía Carrillo, Fernando. _980769 |
|
| 710 | 0 |
_aSan Sebastián. _bAyuntamiento. _96490 |
|
| 830 | 0 |
_aEdiciones del Excmo. Ayuntamiento de la ciudad de San Sebastián ; _vColección A _9233054 |
|
| 852 |
_aES-MaACL _jC-23593 _bR.52401 |
||
| 999 |
_c111174 _d111174 |
||